LIBRARY & INFORMATION CENTRE, KCAET, TAVANUR

ONLINE PUBLIC ACCESS CATALOGUE (OPAC)

Concrete dam instrumentation manual / (Record no. 5556)

MARC details
000 -LEADER
fixed length control field 00510cam a2200193ua 4500
041 ## - LANGUAGE CODE
Language code of text/sound track or separate title eng
082 ## - DEWEY DECIMAL CLASSIFICATION NUMBER
Classification number 028.72627
Item number BAR/CO
100 ## - MAIN ENTRY--AUTHOR NAME
Personal name Bartholomew, Charles L .
245 ## - TITLE STATEMENT
Title Concrete dam instrumentation manual /
250 ## - EDITION STATEMENT
Edition statement 1 /
260 ## - PUBLICATION, DISTRIBUTION, ETC. (IMPRINT)
Place of publication Jodhpur :
Name of publisher Scientific Publishers ,
Year of publication 1992.
300 ## - PHYSICAL DESCRIPTION
Number of Pages 153 ; .
700 1# - ADDED ENTRY--PERSONAL NAME
Personal name Haverland, Michael L.
942 ## - ADDED ENTRY ELEMENTS (KOHA)
Koha item type Books
Holdings
Withdrawn status Lost status Damaged status Home library Current library Date acquired Full call number Accession Number Koha item type
      KAUAET KAUAET 07/04/2012 028.72627 17980 Reference
free website counter